000 00814nac a22002537a 4500
001 BR8707014
003 BR-BrBNA
005 20240105120620.0
008 230509b bl.|||m| |||| 00| 0 por d
040 _aBR-BrBNA
_bpor
_cBiblioteca Nacional de Agricultura
072 _aF01
090 _a0311 BR8707014
110 1 _aCentro Nacional de Pesquisa de Coco, Aracaju, SE (Brasil)
_91760
245 1 _aInstrucoes para o cultivo do coqueiro
246 1 _a[Instructions for cultivation of cocos nucifera]
260 3 _aAracaju, SE (Brasil):
_c1986.
300 _a27 p.
490 _aCircular Tecnica - Centro Nacional de Pesquisa de Coco (Brazil)
_vno. 3
_x
500 _a6 illus.
650 _aCOCO
650 _aPRODUCAO VEGETAL
909 _a202312
_bLúcia Elande
_c55
_dLúcia Elande
942 _2AGRIS
_n0
_cMS
999 _c280477
_d280477